000 00468 a2200181 4500
001 130094
022 _a1679-656X
040 _cLeonardo Da Vinci
041 _aInglês
082 _aEP 2010
_b2010
245 _aEcology and Peace
260 _bOrganizing Comnittee
_c1986
_aBulgária
300 _a24
362 _a20100329
490 _aEcology and Peace
697 _aEcologia
_aHomem e a Natureza
_aRecursos para conservação Ambiental
_aGhemat
942 _cCR
999 _c130094
_d130094